000 00291nam a2200097Ia 4500
008 231107s1967 xx 000 0 und d
041 _aeng
100 _aBinder Stephen
245 _aCorporate facility planning An inside view for designers and Managers
260 _aNew York
_bMcgraw Hill
_c1967
999 _c926324
_d926324